Welcome to CU Library Online Public Access Catalogue (OPAC)

Managing change, creativity and innovation / (Record no. 2166)

MARC details
000 -LEADER
fixed length control field 01087cam a22003254a 4500
001 - CONTROL NUMBER
control field 15261996
005 - DATE AND TIME OF LATEST TRANSACTION
control field 20241213141725.0
008 - FIXED-LENGTH DATA ELEMENTS--GENERAL INFORMATION
fixed length control field 080415s2009 caua b 001 0 eng
020 ## - INTERNATIONAL STANDARD BOOK NUMBER
International Standard Book Number 9781412948524 (hbk.)
020 ## - INTERNATIONAL STANDARD BOOK NUMBER
International Standard Book Number 1412948525 (hbk.)
020 ## - INTERNATIONAL STANDARD BOOK NUMBER
International Standard Book Number 1412948533 (pbk.)
020 ## - INTERNATIONAL STANDARD BOOK NUMBER
International Standard Book Number 9781412948531 (pbk.)
050 00 - LIBRARY OF CONGRESS CALL NUMBER
Classification number HD58.8
Item number .A716 2009
082 04 - DEWEY DECIMAL CLASSIFICATION NUMBER
Classification number 658.406
Edition information 22
100 1# - MAIN ENTRY--PERSONAL NAME
Personal name Andriopoulos, Constantine.
245 10 - TITLE STATEMENT
Title Managing change, creativity and innovation /
Statement of responsibility, etc. Constantine Andriopoulos and Patrick Dawson.
260 ## - PUBLICATION, DISTRIBUTION, ETC.
Place of publication, distribution, etc. Los Angeles :
Name of publisher, distributor, etc. SAGE,
Date of publication, distribution, etc. 2009.
300 ## - PHYSICAL DESCRIPTION
Extent xviii, 374 p. :
Other physical details ill. ;
Dimensions 25 cm.
500 ## - GENERAL NOTE
General note Includes Index
650 #0 - SUBJECT ADDED ENTRY--TOPICAL TERM
Topical term or geographic name entry element Organizational change
General subdivision Management.
650 #0 - SUBJECT ADDED ENTRY--TOPICAL TERM
Topical term or geographic name entry element Creative ability in business
General subdivision Management.
650 #0 - SUBJECT ADDED ENTRY--TOPICAL TERM
Topical term or geographic name entry element Organizational change
General subdivision Management
Form subdivision Case studies.
650 #0 - SUBJECT ADDED ENTRY--TOPICAL TERM
Topical term or geographic name entry element Creative ability in business
General subdivision Management
Form subdivision Case studies.
650 17 - SUBJECT ADDED ENTRY--TOPICAL TERM
Topical term or geographic name entry element Management.
Source of heading or term gtt
650 17 - SUBJECT ADDED ENTRY--TOPICAL TERM
Topical term or geographic name entry element Creativiteit
Source of heading or term gtt
650 17 - SUBJECT ADDED ENTRY--TOPICAL TERM
Topical term or geographic name entry element Vernieuwing.
Source of heading or term gtt
650 17 - SUBJECT ADDED ENTRY--TOPICAL TERM
Topical term or geographic name entry element Organisatieverandering.
Source of heading or term gtt
700 1# - ADDED ENTRY--PERSONAL NAME
Personal name Dawson, Patrick.
942 ## - ADDED ENTRY ELEMENTS (KOHA)
Source of classification or shelving scheme Library of Congress Classification
Koha item type Books
Suppress in OPAC No
999 ## -
-- 2166
-- 2166
Holdings
Withdrawn status Lost status Source of classification or shelving scheme Damaged status Not for loan Collection Home library Current library Shelving location Date acquired Total checkouts Full call number Barcode Date last seen Copy number Price effective from Koha item type
    Library of Congress Classification     Non-fiction Business Library (Miotso) Business Library (Miotso) General stacks 12/13/2024   HD58.8 .A716 2009 BSSM00000333 12/13/2024 1 12/13/2024 Books
    Library of Congress Classification     Non-fiction Business Library (Miotso) Business Library (Miotso) General stacks 12/13/2024   HD58.8 .A716 2009 BSSM00000334 12/13/2024 2 12/13/2024 Books
    Library of Congress Classification     Non-fiction Undergraduate Library (Christ Temple) Undergraduate Library (Christ Temple) General stacks 03/11/2025   HD58.8 AND ulct00001632 03/11/2025 1 03/11/2025 Books
© 2023-2024 Copyright: Central University Libraries. All Rights Reserved | Created by: Mahone Tech Office